MECHANICAL ENGINEERING REFERENCE BOOK (Record no. 581525)

000 -LEADER
fixed length control field 00286nam a22001217a 4500
020 ## - INTERNATIONAL STANDARD BOOK NUMBER
International Standard Book Number 0-408-00083-X
082 ## - DEWEY DECIMAL CLASSIFICATION NUMBER
Classification number 621 MEC'P
100 ## - MAIN ENTRY--PERSONAL NAME
Personal name PARAISH, A
9 (RLIN) 76099
245 ## - TITLE STATEMENT
Title MECHANICAL ENGINEERING REFERENCE BOOK
260 ## - PUBLICATION, DISTRIBUTION, ETC.
Place of publication, distribution, etc. LONDON
Name of publisher, distributor, etc. BUTTERWORTH
Date of publication, distribution, etc. 1978
300 ## - PHYSICAL DESCRIPTION
Extent 20-214P
942 ## - ADDED ENTRY ELEMENTS (KOHA)
Koha item type Book
Holdings
Withdrawn status Lost status Damaged status Not for loan Permanent Location Current Location Shelving location Date acquired Total Checkouts Full call number Barcode Date last seen Price effective from Koha item type
        College of Electrical & Mechanical Engineering (CEME) College of Electrical & Mechanical Engineering (CEME) General Stacks 05/26/2017   621 MEC'P CEME-11559 06/28/2021 06/28/2021 Book
© 2023 Central Library, National University of Sciences and Technology. All Rights Reserved.